000 00615nam a2200205Ia 4500
003 GCL
008 140319s9999 xx 000 0 ara d
040 _aGCL /
_cGCL
082 0 4 _a133.5203
_bع م
100 1 _aعايدة الرواجبة
245 1 0 _aموسوعة الابراج /
_cعايدة الرواجبة
260 _aالاردن :
_bدار اسامة للنشر والتوزيع
300 _a344 ص ؛
_c24 سم
650 0 4 _aدوائر المعارف
650 0 4 _aالنجوم
650 0 4 _aالتنجيم
650 0 4 _aالتنبؤات
650 0 4 _aالبروج ( فلك)
942 _2ddc
_cBK
999 _c8426
_d8426